书目信息 |
| 题名: |
沟口健二的世界
|
|
| 作者: | 佐藤忠男 著 ;陈梅 , 陈笃忱 译 | |
| 分册: | ||
| 出版信息: | 海口 南方出版社 2011.04 |
|
| 页数: | 302页 | |
| 开本: | 21cm | |
| 丛书名: | ||
| 单 册: | ||
| 中图分类: | J911.1 | |
| 科图分类: | ||
| 主题词: | 电影导演 , 导演艺术 | |
| 电子资源: | ||
| ISBN: | 978-7-5501-0178-4 | |
| 000 | 00971nam0 2200289 450 | |
| 001 | 010050009912 | |
| 005 | 20140610112305.81 | |
| 010 | @a978-7-5501-0178-4@dCNY28.00 | |
| 100 | @a20110421d2011 em y0chiy50 ea | |
| 101 | 1 | @achi@cjpn |
| 102 | @aCN@b460000 | |
| 105 | @af z 000yy | |
| 106 | @ar | |
| 200 | 1 | @a沟口健二的世界@9gou kou jian er de shi jie@f(日)佐藤忠男著@g陈梅,陈笃忱译 |
| 210 | @a海口@c南方出版社@d2011.04 | |
| 215 | @a302页@c照片@d21cm | |
| 330 | @a本书主要内容包括:自学的气度;与新剧的配合;从新派剧到自然主义的写实主义;社会批判的写实主义;美男子们的命运;人生模仿艺术等。 | |
| 600 | 0 | @a沟口健二@f(1898-1956)@x电影导演@x导演艺术 |
| 600 | 0 | @a沟口健二@f(1898-1956) |
| 606 | 0 | @a电影导演 |
| 606 | 0 | @a导演艺术 |
| 690 | @aJ911.1@v4 | |
| 701 | 0 | @c(日)@a佐藤忠男@9zuo teng zhong nan@4著 |
| 702 | 0 | @a陈梅@9chen mei@4译 |
| 702 | 0 | @a陈笃忱@9chen du chen@4译 |
| 801 | 0 | @aCN@bRENTIAN@c20110421 |
| 905 | @b846058-60@dJ911.1@e281@f3 | |
| 沟口健二的世界/(日)佐藤忠男著/陈梅,陈笃忱译.-海口:南方出版社,2011.04 |
| 302页:照片;21cm |
| ISBN 978-7-5501-0178-4:CNY28.00 |
| 本书主要内容包括:自学的气度;与新剧的配合;从新派剧到自然主义的写实主义;社会批判的写实主义;美男子们的命运;人生模仿艺术等。 |
| ● |
| 相关链接 |
|
|
|
|
正题名:沟口健二的世界
索取号:J911.1/281
 
预约/预借
| 序号 | 登录号 | 条形码 | 馆藏地/架位号 | 状态 | 备注 |
| 1 | 846058 | 208460583 | 第一样本阅览室/ [索取号:J911.1/281] | 在馆 | |
| 2 | 846059 | 208460592 | 第一借阅区/ [索取号:J911.1/281] | 在馆 | |
| 3 | 846060 | 208460609 | 第一借阅区/ [索取号:J911.1/281] | 在馆 |